| 000 | 02328nam a2200529 i 4500 | ||
|---|---|---|---|
| 001 | DIGTRO0300 | ||
| 003 | NyNyDIG | ||
| 007 | cr ||||||||||| | ||
| 008 | 240816t20232019sp ob 000 0 spa d | ||
| 006 | m o d | ||
| 035 | _a(OCoLC)1412623492 | ||
| 040 |
_aDGITA _beng _erda _epn _cDGITA |
||
| 020 |
_a9788413642246 _q(edición digital e-pub) |
||
| 020 | _z9788413641089 | ||
| 041 | 1 |
_aspa _hger |
|
| 050 | 1 | 4 | _aB3258.H323 ebook |
| 100 | 1 |
_aHabermas, Jürgen, _d1929- _eauthor. |
|
| 240 | 1 | 0 |
_aAuch eine geschichte der philosophie. _lSpanish _s(Monter and Hernàndez i Dobon) |
| 245 | 1 | 4 |
_aUna historia de la filosofía. _nVolumen 1, _pLa constelación occidental de fe y saber / _cJürgen Habermas ; traducción de Josep Monter Pérez, en colaboración con Francesc Hernàndez i Dobon. |
| 246 | 3 | 0 | _aConstelación occidental de fe y saber |
| 264 | 1 |
_aMadrid : _bEditorial Trotta, _c[2023] |
|
| 264 | 4 | _c©2019 | |
| 300 | _a1 online resource. | ||
| 336 |
_atext _btxt _2rdacontent |
||
| 337 |
_acomputer _bc _2rdamedia |
||
| 338 |
_aonline resource _bcr _2rdacarrier |
||
| 347 |
_atext file _2rdaft |
||
| 347 | _bPDF | ||
| 347 | _bEPUB | ||
| 490 | 1 | _aColección Estructuras y procesos. Serie Filosofía | |
| 504 | _aIncludes bibliographical references. | ||
| 588 | 0 | _aOnline resource; title from ePub title page (Digitalia, viewed August 16, 2024) | |
| 650 | 0 |
_aPhilosophy _xHistory. |
|
| 650 | 0 | _aFaith and reason. | |
| 650 | 0 | _aPhilosophy and religion. | |
| 650 | 0 |
_aReligion _xPhilosophy. |
|
| 700 | 1 |
_aMonter, Josep, _etranslator. |
|
| 700 | 1 |
_aHernàndez i Dobon, Francesc Jesús, _d1959- _etranslator. |
|
| 700 | 1 |
_iTranslation of: _aHabermas, Jürgen, _d1929- _tAuch eine geschichte der philosophie. |
|
| 791 | 2 |
_aDigitalia (Firm), _edistributor. |
|
| 793 | 0 |
_gDigitalia eBook Collection: _aTrotta Editorial |
|
| 776 | 0 | 8 |
_iPrint version: _aHabermas, Jürgen, 1929- _sAuch eine geschichte der philosophie. Spanish (Monter and Hernàndez i Dobon). _tHistoria de la filosofía. Volumen 1, La constelación occidental de fe y saber. _dMadrid : Editorial Trotta, [2023] _z9788413641089 |
| 830 | 0 |
_aColección Estructuras y procesos. _pSerie Filosofía. |
|
| 856 | 4 | 0 |
_3Digitalia Hispánica _uhttps://www.digitaliapublishing.com/a/131916/ |
| 910 | _aPremium collection: 2024 | ||
| 942 | _cRAA | ||
| 999 |
_c282073 _d282073 |
||